000 00779nam a22001577a 4500
003 OSt
005 20170803145445.0
008 170803b xxu||||| |||| 00| 0 eng d
040 _cRUA
082 _aAGR LY 2015 B566 Or.1
100 _911763
_aLY DARITH; លី​ ដារិទ្ធ
245 _aEffect of using chemical fertilizers in different rate on chinese kale at kbal koh vegetable research station; ឥទ្ធិពលនៃការប្រើប្រាស់កម្រិតជីគីមីខុសៗគ្នាលើដំណាំខាត់ណាដើមនៅស្ថានីយ៍ពិសោធន៍ពូជបន្លែក្បាលកោះ
260 _aPhnom Penh
_bRUA
_c2015
300 _axi; 38p;
_bill;
_c29cm;
942 _2ddc
_cAGR
999 _c11572
_d11572